| LEADER | 00836cam a2200277 a 4500 | ||
|---|---|---|---|
| 001 | 008340586-0 | ||
| 005 | 20020606104010.5 | ||
| 008 | 991024s1999 vc 000 0 lat d | ||
| 020 | |c L15000. | ||
| 035 | 0 | |a ocm42708627 | |
| 035 | 1 | |a ILCGHZ4144566 | |
| 040 | |a C3L |c C3L |d CGU | ||
| 043 | |a e-vc--- |a e-it--- | ||
| 045 | |a x4x- | ||
| 050 | 4 | |a BX2340 |b .C38 1999 | |
| 082 | 1 | 4 | |a 265 |
| 110 | 2 | |a Catholic Church. | |
| 240 | 1 | 0 | |a Ordo exsequiarum |
| 245 | 1 | 0 | |a De exorcismis et supplicationibus quibusdam. |
| 250 | |a Ed. typica. | ||
| 260 | |a Città del Vaticano : |b Typis Vaticanis, |c 1999. | ||
| 300 | |a 84 p. ; |c 25 cm. | ||
| 500 | |a At head of title: Rituale Romanum ex decreto sacrosanti oecumenici Concilii Vaticani 2. instauratum auctoritate Ioannis Pauli PP. II promulgatum. | ||
| 650 | 0 | |a Exorcism. | |
| 988 | |a 20020608 | ||
| 906 | |0 RLIN | ||


